| 000 | 00669nam a2200229 i 4500 | ||
|---|---|---|---|
| 001 | 113230 | ||
| 003 | ES-MaACL | ||
| 005 | 20230906185815.0 | ||
| 007 | t| | ||
| 008 | 061121s1984 sp r ||||1| spa d | ||
| 100 | 1 |
_aMyrdal, Alva. _984762 |
|
| 245 | 1 | 3 |
_aEl juego del desarme / _cAlva Myrdal ; [versión Jesús Fernández Zulaica]. |
| 250 | _a[1ª ed.]. | ||
| 260 |
_aMadrid : _bDebate, _c1984. |
||
| 300 |
_a429 p. ; _c21 cm. |
||
| 490 | 1 | _aBiblioteca verde | |
| 650 | 4 |
_aDesarme nuclear. _9160553 |
|
| 700 | 1 |
_aFernández Zulaica, Jesús. _950198 |
|
| 830 | 0 |
_aBiblioteca verde _9185725 |
|
| 852 |
_aES-MaACL _jL-6571 _bR.107181 |
||
| 999 |
_c113230 _d113230 |
||